[Event "16th Deltalift Open 2019"]
[Site "Halmstad"]
[Date "2019.05.30"]
[Round "3.14"]
[White "Ziegler, Ari"]
[Black "Falkevall, Axel"]
[Result "1-0"]
[WhiteElo "2300"]
[BlackElo "1960"]
[Annotator "ChessBase"]
[PlyCount "51"]
[EventDate "2019.05.30"]
[EventType "swiss"]
[EventCountry "SWE"]
[SourceTitle "playchess.com"]
[Source "ChessBase"]
[SourceQuality "1"]
[TimeControl "1800+12"]

1. e4 {[%emt 0:00:00]} e6 {[%emt 0:00:00]} 2. d4 {[%emt 0:00:00]} d5 {[%emt 0:00:00]} 3. Nc3 {[%emt 0:00:00]} Nf6 {[%emt 0:00:00]} 4. e5 {[%emt 0:00:00]} Nfd7 {[%emt 0:00:02]} 5. f4 {[%emt 0:00:00]} c5 {[%emt 0:00:04]} 6. Nf3 {[%emt 0:00:00]} Nc6 {[%emt 0:00:09]} 7. Be3 {[%emt 0:00:01]} Be7 {[%emt 0:00:22]} 8. Qd2 {[%emt 0:00:20]} a6 {[%emt 0:00:19]} 9. Be2 {[%emt 0:03:07]} b5 {[%emt 0:01:24]} 10. O-O {[%emt 0:00:13]} Bb7 {[%emt 0:00:57]} 11. a3 {[%emt 0:02:05]} Qc7 {[%emt 0:02:26]} 12. Kh1 {[%emt 0:00:09]} O-O {[%emt 0:00:31]} 13. Rad1 {[%emt 0:00:47]} Rfc8 {[%emt 0:00:39]} 14. dxc5 {[%emt 0:02:56]} Nxc5 {[%emt 0:01:20]} 15. Bxc5 {[%emt 0:03:47]} Bxc5 {[%emt 0:00:06]} 16. Bd3 {[%emt 0:00:03]} Be7 {[%emt 0:01:38]} 17. f5 {[%emt 0:01:32]} Nxe5 {[%emt 0:03:44]} 18. Nxe5 {[%emt 0:00:05]} Qxe5 {[%emt 0:00:03]} 19. Rde1 {[%emt 0:00:05]} Qd6 {[%emt 0:00:20]} 20. f6 {[%emt 0:03:23]} Bxf6 {[%emt 0:03:52]} 21. Rxf6 {[%emt 0:01:25]} gxf6 {[%emt 0:01:30]} 22. Qh6 {[%emt 0:00:33]} Rc7 {[%emt 0:03:46]} 23. Bxh7+ {[%emt 0:00:05]} Kh8 {[%emt 0:00:02]} 24. Qxf6+ {[%emt 0:00:50]} Kxh7 {[%emt 0:00:12]} 25. Re3 {[%emt 0:00:02]} Kg8 {[%emt 0:01:45]} 26. Rh3 {[%emt 0:00:06]} 1-0

[Event "16th Deltalift Open 2019"]
[Site "Halmstad"]
[Date "2019.05.30"]
[Round "3.15"]
[White "Bernhardsson, Sten"]
[Black "Kucuksari, Kaan"]
[Result "0-1"]
[WhiteElo "1992"]
[BlackElo "2320"]
[Annotator "ChessBase"]
[PlyCount "30"]
[EventDate "2019.05.30"]
[EventType "swiss"]
[EventCountry "SWE"]
[SourceTitle "playchess.com"]
[Source "ChessBase"]
[SourceQuality "1"]
[TimeControl "1800+12"]

1. d4 {[%emt 0:00:00]} Nf6 {[%emt 0:00:00]} 2. Nf3 {[%emt 0:00:00]} e6 {[%emt 0:00:00]} 3. Bg5 {[%emt 0:00:00]} h6 {[%emt 0:00:00]} 4. Bh4 {[%emt 0:00:03]} b6 {[%emt 0:00:01]} 5. e3 {[%emt 0:00:15]} Bb7 {[%emt 0:00:02]} 6. Be2 {[%emt 0:00:18]} d6 {[%emt 0:00:23]} 7. O-O {[%emt 0:00:21]} g5 {[%emt 0:00:04]} 8. Bg3 {[%emt 0:00:05]} Ne4 {[%emt 0:00:08]} 9. Nbd2 {[%emt 0:01:02]} Nxg3 {[%emt 0:01:06]} 10. hxg3 {[%emt 0:00:13]} Bg7 {[%emt 0:00:05]} 11. c3 {[%emt 0:01:33]} g4 {[%emt 0:00:47]} 12. Ne1 {[%emt 0:01:09]} h5 {[%emt 0:00:05]} 13. e4 {[%emt 0:03:25]} Bh6 {[%emt 0:01:15]} 14. e5 {[%emt 0:01:58]} dxe5 {[%emt 0:00:17]} 15. dxe5 {[%emt 0:00:02]} Qxd2 {[%emt 0:00:09]} 0-1

[Event "16th Deltalift Open 2019"]
[Site "Halmstad"]
[Date "2019.05.30"]
[Round "3.16"]
[White "Holst, Conny"]
[Black "Silfverstroem, Niklas"]
[Result "1-0"]
[WhiteElo "2197"]
[BlackElo "2019"]
[Annotator "ChessBase"]
[PlyCount "39"]
[EventDate "2019.05.30"]
[EventType "swiss"]
[EventCountry "SWE"]
[SourceTitle "playchess.com"]
[Source "ChessBase"]
[SourceQuality "1"]
[TimeControl "1800+12"]

1. d4 {[%emt 0:00:00]} Nf6 {[%emt 0:00:00]} 2. c4 {[%emt 0:00:00]} g6 {[%emt 0:00:00]} 3. Nc3 {[%emt 0:00:04]} d6 {[%emt 0:00:00]} 4. e4 {[%emt 0:00:09]} Bg7 {[%emt 0:00:00]} 5. Be2 {[%emt 0:00:11]} O-O {[%emt 0:00:00]} 6. Bg5 {[%emt 0:00:06]} h6 {[%emt 0:00:09]} 7. Be3 {[%emt 0:00:08]} e5 {[%emt 0:00:03]} 8. d5 {[%emt 0:00:35]} Nbd7 {[%emt 0:00:28]} 9. Qd2 Kh7 {[%emt 0:00:05]} 10. f3 {[%emt 0:05:39]} Nh5 {[%emt 0:01:02]} 11. g3 {[%emt 0:04:11]} f5 {[%emt 0:01:03]} 12. exf5 {[%emt 0:00:45]} gxf5 {[%emt 0:00:10]} 13. O-O-O {[%emt 0:01:07]} Ndf6 {[%emt 0:01:41]} 14. Bd3 {[%emt 0:01:55]} Kh8 {[%emt 0:00:29]} 15. Bxh6 {[%emt 0:00:17]} f4 {[%emt 0:00:44]} 16. Bxg7+ {[%emt 0:00:18]} Kxg7 {[%emt 0:00:32]} 17. g4 {[%emt 0:00:38]} Nxg4 {[%emt 0:00:24]} 18. fxg4 {[%emt 0:00:57]} Bxg4 {[%emt 0:00:01]} 19. Qg2 {[%emt 0:01:14]} Qg5 {[%emt 0:00:02]} 20. Nf3 {[%emt 0:00:20]} 1-0

[Event "16th Deltalift Open 2019"]
[Site "Halmstad"]
[Date "2019.05.30"]
[Round "3.17"]
[White "Trost, Edvin"]
[Black "Wahlstrom, Lennart"]
[Result "1/2-1/2"]
[WhiteElo "2047"]
[BlackElo "2196"]
[Annotator "ChessBase"]
[PlyCount "101"]
[EventDate "2019.05.30"]
[EventType "swiss"]
[EventCountry "SWE"]
[SourceTitle "playchess.com"]
[Source "ChessBase"]
[SourceQuality "1"]
[TimeControl "1800+12"]

1. e4 {[%emt 0:00:00]} e5 {[%emt 0:00:00]} 2. Nf3 {[%emt 0:00:00]} Nc6 {[%emt 0:00:00]} 3. Bb5 {[%emt 0:00:00]} a6 {[%emt 0:00:00]} 4. Ba4 {[%emt 0:00:00]} Nf6 {[%emt 0:00:02]} 5. O-O {[%emt 0:00:00]} Be7 {[%emt 0:00:03]} 6. Re1 {[%emt 0:00:00]} b5 {[%emt 0:00:04]} 7. Bb3 {[%emt 0:00:00]} O-O {[%emt 0:00:03]} 8. c3 {[%emt 0:00:00]} d5 {[%emt 0:00:02]} 9. d4 {[%emt 0:00:01]} dxe4 {[%emt 0:01:10]} 10. Nxe5 {[%emt 0:01:25]} Bb7 {[%emt 0:00:15]} 11. Nd2 {[%emt 0:00:09]} Bd6 {[%emt 0:05:08]} 12. Ng4 {[%emt 0:01:54]} Nxg4 {[%emt 0:05:53]} 13. Qxg4 {[%emt 0:00:53]} Kh8 {[%emt 0:00:34]} 14. Qxe4 {[%emt 0:01:39]} Na5 {[%emt 0:00:08]} 15. Qg4 {[%emt 0:04:30]} f5 {[%emt 0:02:08]} 16. Qh3 {[%emt 0:00:17]} Re8 {[%emt 0:02:10]} 17. Rf1 {[%emt 0:03:48]} Nxb3 {[%emt 0:00:43]} 18. axb3 {[%emt 0:02:01]} Qf6 {[%emt 0:02:23]} 19. Nf3 {[%emt 0:01:38]} f4 {[%emt 0:02:47]} 20. b4 {[%emt 0:01:17]} Re2 {[%emt 0:03:54]} 21. Rd1 {[%emt 0:05:47]} Rae8 {[%emt 0:02:34]} 22. Bd2 {[%emt 0:00:09]} Qg6 {[%emt 0:01:18]} 23. Rac1 {[%emt 0:03:10]} Be4 {[%emt 0:02:11]} 24. Ne1 {[%emt 0:05:53]} Bf5 {[%emt 0:00:28]} 25. Qh4 {[%emt 0:00:07]} Bg4 {[%emt 0:00:10]} 26. h3 {[%emt 0:00:17]} Bh5 {[%emt 0:00:15]} 27. Bxf4 {[%emt 0:00:14]} R2e4 {[%emt 0:00:16]} 28. g4 {[%emt 0:00:14]} Bxf4 {[%emt 0:00:19]} 29. Ra1 {[%emt 0:00:01]} Bxg4 {[%emt 0:00:14]} 30. hxg4 {[%emt 0:00:02]} Bd2 {[%emt 0:00:06]} 31. f3 {[%emt 0:00:25]} Re2 {[%emt 0:00:13]} 32. Ng2 {[%emt 0:00:17]} Bg5 {[%emt 0:00:14]} 33. Qh5 {[%emt 0:00:08]} Qxh5 {[%emt 0:00:14]} 34. gxh5 {[%emt 0:00:01]} Be3+ {[%emt 0:00:02]} 35. Nxe3 {[%emt 0:00:23]} R8xe3 {[%emt 0:00:02]} 36. Rf1 {[%emt 0:00:17]} Rxb2 {[%emt 0:00:05]} 37. Rae1 {[%emt 0:00:01]} Ree2 {[%emt 0:00:04]} 38. Rxe2 {[%emt 0:00:02]} Rxe2 {[%emt 0:00:02]} 39. Ra1 {[%emt 0:00:03]} Re6 {[%emt 0:00:05]} 40. Kf2 {[%emt 0:00:18]} Kg8 {[%emt 0:00:01]} 41. Kg3 {[%emt 0:00:26]} Kf7 {[%emt 0:00:04]} 42. Kf4 {[%emt 0:00:01]} Kf6 {[%emt 0:00:03]} 43. Ra2 {[%emt 0:00:13]} Rc6 {[%emt 0:00:03]} 44. Ra3 {[%emt 0:00:15]} Ke6 {[%emt 0:00:04]} 45. Ke4 {[%emt 0:00:01]} Kf6 {[%emt 0:00:06]} 46. Kf4 {[%emt 0:00:03]} Re6 {[%emt 0:00:21]} 47. Ra1 {[%emt 0:00:04]} g5+ {[%emt 0:00:05]} 48. hxg6 {[%emt 0:00:01]} hxg6 {[%emt 0:00:02]} 49. d5 {[%emt 0:00:15]} g5+ {[%emt 0:00:09]} 50. Kg4 {[%emt 0:00:09]} Rd6 {[%emt 0:00:01]} 51. f4 {Ke5} 1/2-1/2

[Event "16th Deltalift Open 2019"]
[Site "Halmstad"]
[Date "2019.05.30"]
[Round "3.18"]
[White "Cramling Bellon, Anna"]
[Black "Brzezinski, Adam"]
[Result "1-0"]
[WhiteElo "1990"]
[BlackElo "2193"]
[Annotator "ChessBase"]
[PlyCount "108"]
[EventDate "2019.05.30"]
[EventType "swiss"]
[EventCountry "SWE"]
[SourceTitle "playchess.com"]
[Source "ChessBase"]
[SourceQuality "1"]
[TimeControl "1800+12"]

1. d4 {[%emt 0:00:00]} Nf6 {[%emt 0:00:00]} 2. c4 {[%emt 0:00:00]} c5 {[%emt 0:00:04]} 3. d5 {[%emt 0:00:00]} e5 {[%emt 0:00:02]} 4. Nc3 {[%emt 0:02:03]} d6 {[%emt 0:00:03]} 5. e4 {[%emt 0:00:38]} Be7 {[%emt 0:00:02]} 6. g3 {[%emt 0:00:05]} Nbd7 {[%emt 0:02:22]} 7. Bg2 {[%emt 0:00:24]} O-O {[%emt 0:00:05]} 8. Nge2 {[%emt 0:00:02]} Ne8 {[%emt 0:00:37]} 9. O-O {[%emt 0:00:12]} Nc7 {[%emt 0:00:04]} 10. Be3 {[%emt 0:00:49]} a6 {[%emt 0:00:10]} 11. a4 {[%emt 0:00:10]} Rb8 {[%emt 0:00:13]} 12. Qd3 {[%emt 0:02:29]} Bf6 {[%emt 0:03:27]} 13. f4 {[%emt 0:04:58]} g6 {[%emt 0:01:00]} 14. f5 {[%emt 0:05:02]} Bg5 {[%emt 0:01:23]} 15. g4 {[%emt 0:06:18]} b5 {[%emt 0:04:54]} 16. axb5 {[%emt 0:02:24]} axb5 {[%emt 0:00:02]} 17. cxb5 {[%emt 0:00:54]} Bxe3+ {[%emt 0:02:00]} 18. Qxe3 {[%emt 0:00:01]} g5 {[%emt 0:03:23]} 19. f6 {[%emt 0:04:39]} h6 {[%emt 0:00:05]} 20. Qh3 {[%emt 0:02:04]} Nxf6 {[%emt 0:01:30]} 21. Qxh6 {[%emt 0:00:33]} Nxg4 {[%emt 0:00:12]} 22. Qh5 {[%emt 0:00:04]} Ne8 {[%emt 0:02:25]} 23. Rf3 {[%emt 0:00:29]} Ng7 {[%emt 0:02:56]} 24. Qh3 {[%emt 0:00:01]} Qd7 {[%emt 0:02:56]} 25. Ng3 {[%emt 0:00:20]} Qe7 {[%emt 0:01:19]} 26. Nf5 {[%emt 0:00:06]} Bxf5 {[%emt 0:00:56]} 27. exf5 {[%emt 0:00:01]} Nf6 {[%emt 0:00:26]} 28. Qh6 {[%emt 0:00:30]} g4 {[%emt 0:00:09]} 29. Rff1 {[%emt 0:00:03]} Rfc8 {[%emt 0:00:57]} 30. Ra6 {[%emt 0:00:16]} Nge8 {[%emt 0:01:04]} 31. b6 {[%emt 0:00:13]} Qf8 {[%emt 0:00:31]} 32. Qxf8+ {[%emt 0:00:15]} Kxf8 {[%emt 0:00:01]} 33. Nb5 {[%emt 0:00:18]} Nd7 {[%emt 0:00:06]} 34. Na7 {[%emt 0:00:03]} Nxb6 {[%emt 0:00:43]} 35. Nxc8 {[%emt 0:00:17]} Nxc8 {[%emt 0:00:04]} 36. Rf2 {[%emt 0:00:14]} Nf6 {[%emt 0:00:07]} 37. Ra4 {[%emt 0:00:11]} Ke7 {[%emt 0:00:07]} 38. Ra2 {[%emt 0:00:14]} Rb4 {[%emt 0:00:05]} 39. Ra3 {[%emt 0:00:09]} Rd4 {[%emt 0:00:07]} 40. Rb3 Nxd5 {[%emt 0:00:26]} 41. Bxd5 {[%emt 0:00:23]} Rxd5 {[%emt 0:00:02]} 42. f6+ {[%emt 0:00:09]} Kd7 {[%emt 0:00:39]} 43. Rb7+ {[%emt 0:00:03]} Ke6 {[%emt 0:00:22]} 44. Rc7 {[%emt 0:00:19]} Rd4 {[%emt 0:00:11]} 45. Rxc8 {[%emt 0:00:04]} Rf4 {[%emt 0:00:30]} 46. Rxf4 {[%emt 0:00:28]} exf4 {[%emt 0:00:01]} 47. Rg8 {[%emt 0:00:08]} Kf5 {[%emt 0:00:08]} 48. Rg7 {[%emt 0:00:02]} Kxf6 {[%emt 0:00:02]} 49. Rxg4 Kf5 50. Rg8 {[%emt 0:00:29]} d5 {[%emt 0:00:05]} 51. Kf2 {[%emt 0:00:11]} Ke4 {[%emt 0:00:01]} 52. h4 {[%emt 0:00:17]} Kd3 {[%emt 0:00:06]} 53. h5 {[%emt 0:00:05]} d4 {[%emt 0:00:02]} 54. h6 {[%emt 0:00:02]} Kc2 {[%emt 0:00:01]} 1-0

[Event "16th Deltalift Open 2019"]
[Site "Halmstad"]
[Date "2019.05.30"]
[Round "3.19"]
[White "Ekenstierna, Adrian"]
[Black "Lindhe, Magnus"]
[Result "0-1"]
[WhiteElo "1856"]
[BlackElo "2173"]
[Annotator "ChessBase"]
[PlyCount "108"]
[EventDate "2019.05.30"]
[EventType "swiss"]
[EventCountry "SWE"]
[SourceTitle "playchess.com"]
[Source "ChessBase"]
[SourceQuality "1"]
[TimeControl "1800+12"]

1. e4 {[%emt 0:00:08]} e6 {[%emt 0:00:25]} 2. d4 {[%emt 0:00:04]} d5 {[%emt 0:00:09]} 3. Nd2 {[%emt 0:00:58]} dxe4 {[%emt 0:00:12]} 4. Nxe4 {[%emt 0:00:01]} b6 {[%emt 0:00:13]} 5. Nf3 {[%emt 0:00:31]} Bb7 {[%emt 0:00:22]} 6. Bd3 {[%emt 0:00:07]} Nf6 {[%emt 0:00:10]} 7. Bg5 {[%emt 0:00:14]} Be7 {[%emt 0:00:30]} 8. Bxf6 {[%emt 0:00:05]} gxf6 {[%emt 0:00:09]} 9. c3 {[%emt 0:00:15]} Nd7 {[%emt 0:01:50]} 10. Qe2 {[%emt 0:00:08]} c6 {[%emt 0:02:42]} 11. g3 {[%emt 0:01:16]} Qc7 {[%emt 0:00:39]} 12. O-O-O {[%emt 0:00:16]} O-O-O {[%emt 0:04:16]} 13. Rhe1 {[%emt 0:00:47]} Kb8 {[%emt 0:00:31]} 14. Kb1 {[%emt 0:00:05]} h6 {[%emt 0:04:08]} 15. Ng1 {[%emt 0:00:53]} f5 {[%emt 0:01:08]} 16. Nd2 {[%emt 0:00:38]} Bf6 {[%emt 0:00:50]} 17. f4 {[%emt 0:00:34]} h5 {[%emt 0:00:28]} 18. Ngf3 {[%emt 0:00:14]} h4 {[%emt 0:00:14]} 19. Nc4 {[%emt 0:01:02]} Rdg8 {[%emt 0:01:56]} 20. Rg1 {[%emt 0:01:05]} hxg3 {[%emt 0:00:19]} 21. hxg3 {[%emt 0:00:24]} Rg7 {[%emt 0:00:39]} 22. Nfe5 {[%emt 0:01:37]} Rhg8 {[%emt 0:02:32]} 23. Qe3 {[%emt 0:01:28]} Nxe5 {[%emt 0:03:30]} 24. dxe5 {[%emt 0:00:14]} Be7 {[%emt 0:00:06]} 25. Be2 {[%emt 0:00:02]} Bc5 {[%emt 0:00:20]} 26. Rd4 {[%emt 0:00:45]} Ba6 {[%emt 0:00:40]} 27. Nd6 {[%emt 0:00:42]} Bxe2 {[%emt 0:00:08]} 28. Qxe2 {[%emt 0:00:00]} Bxd4 {[%emt 0:02:19]} 29. cxd4 {[%emt 0:00:02]} Rxg3 30. Rxg3 Rxg3 {[%emt 0:00:28]} 31. Qh2 {[%emt 0:00:02]} Rg8 {[%emt 0:00:08]} 32. Qh7 {[%emt 0:00:01]} Rd8 {[%emt 0:00:54]} 33. Qg7 {[%emt 0:01:15]} Rxd6 {[%emt 0:00:25]} 34. exd6 {[%emt 0:00:01]} Qxd6 {[%emt 0:00:12]} 35. Qg8+ {[%emt 0:00:11]} Kb7 {[%emt 0:00:09]} 36. Qxf7+ {[%emt 0:00:08]} Ka6 {[%emt 0:00:05]} 37. a3 {[%emt 0:01:35]} Qxd4 {[%emt 0:00:31]} 38. Qxe6 {[%emt 0:00:01]} Qxf4 {[%emt 0:00:12]} 39. Qxc6 {[%emt 0:00:24]} Qe4+ {[%emt 0:00:14]} 40. Qxe4 {[%emt 0:00:01]} fxe4 {[%emt 0:00:07]} 41. Kc2 {[%emt 0:00:00]} Kb5 {[%emt 0:00:08]} 42. Kc3 {[%emt 0:00:56]} Ka4 {[%emt 0:00:42]} 43. Kd4 {[%emt 0:00:20]} Kb3 {[%emt 0:00:06]} 44. Kxe4 {[%emt 0:00:01]} Kxb2 {[%emt 0:00:08]} 45. a4 {[%emt 0:00:01]} a5 {[%emt 0:00:36]} 46. Kd3 {[%emt 0:00:36]} Kb3 {[%emt 0:00:08]} 47. Kd2 {[%emt 0:00:03]} Kxa4 {[%emt 0:00:04]} 48. Kc2 {[%emt 0:00:01]} Kb4 {[%emt 0:00:06]} 49. Kb2 {[%emt 0:00:00]} b5 {[%emt 0:00:02]} 50. Kb1 {[%emt 0:00:01]} a4 {[%emt 0:00:01]} 51. Ka1 {[%emt 0:00:01]} Kc3 {[%emt 0:00:03]} 52. Kb1 {[%emt 0:00:01]} b4 {[%emt 0:00:01]} 53. Kc1 {[%emt 0:00:01]} b3 {[%emt 0:00:03]} 54. Kb1 {[%emt 0:00:00]} b2 {[%emt 0:00:16]} 0-1

[Event "16th Deltalift Open 2019"]
[Site "Halmstad"]
[Date "2019.05.30"]
[Round "3.20"]
[White "Ask, Josef"]
[Black "Dingertz, Erik"]
[Result "1-0"]
[WhiteElo "2149"]
[BlackElo "1969"]
[Annotator "ChessBase"]
[PlyCount "33"]
[EventDate "2019.05.30"]
[EventType "swiss"]
[EventCountry "SWE"]
[SourceTitle "playchess.com"]
[Source "ChessBase"]
[SourceQuality "1"]
[TimeControl "1800+12"]

1. e4 {[%emt 0:00:00]} e5 {[%emt 0:00:00]} 2. Nf3 {[%emt 0:00:00]} Nc6 {[%emt 0:00:00]} 3. Bb5 {[%emt 0:00:00]} Nf6 {[%emt 0:00:00]} 4. d3 {[%emt 0:00:00]} Bc5 {[%emt 0:00:00]} 5. Bxc6 {[%emt 0:00:04]} dxc6 {[%emt 0:00:00]} 6. Bg5 {[%emt 0:00:23]} O-O {[%emt 0:00:57]} 7. h3 {[%emt 0:00:18]} Re8 {[%emt 0:00:26]} 8. Nbd2 {[%emt 0:00:15]} Bd6 {[%emt 0:05:38]} 9. Nc4 {[%emt 0:00:22]} Be6 {[%emt 0:01:18]} 10. Nfd2 {[%emt 0:01:00]} Bxc4 {[%emt 0:01:05]} 11. Nxc4 {[%emt 0:00:04]} Qe7 {[%emt 0:04:35]} 12. Ne3 {[%emt 0:00:24]} Rad8 {[%emt 0:00:28]} 13. Qf3 {[%emt 0:01:07]} b5 {[%emt 0:02:40]} 14. Ng4 {[%emt 0:00:32]} Bb4+ {[%emt 0:02:03]} 15. c3 {[%emt 0:00:30]} Ba5 {[%emt 0:00:01]} 16. Nxf6+ {[%emt 0:00:38]} Kh8 {[%emt 0:00:15]} 17. Qf5 {[%emt 0:01:17]} 1-0

[Event "16th Deltalift Open 2019"]
[Site "Halmstad"]
[Date "2019.05.30"]
[Round "3.21"]
[White "Olund, Joar"]
[Black "Narva, David"]
[Result "1-0"]
[WhiteElo "2328"]
[BlackElo "1956"]
[Annotator "ChessBase"]
[PlyCount "87"]
[EventDate "2019.05.30"]
[EventType "swiss"]
[EventCountry "SWE"]
[SourceTitle "playchess.com"]
[Source "ChessBase"]
[SourceQuality "1"]
[TimeControl "1800+12"]

1. d4 {[%emt 0:15:20]} Nf6 {[%emt 0:00:00]} 2. c4 {[%emt 0:00:01]} g6 {[%emt 0:00:00]} 3. Nc3 {[%emt 0:00:07]} Bg7 {[%emt 0:00:01]} 4. e4 {[%emt 0:00:04]} O-O {[%emt 0:00:04]} 5. Nf3 {[%emt 0:00:12]} d6 {[%emt 0:00:05]} 6. Be2 {[%emt 0:00:00]} Nbd7 {[%emt 0:00:09]} 7. O-O {[%emt 0:00:02]} e5 8. Re1 c6 {[%emt 0:00:05]} 9. Bf1 {[%emt 0:00:02]} Qe7 {[%emt 0:00:01]} 10. Rb1 {[%emt 0:00:03]} Nh5 {[%emt 0:01:53]} 11. g3 {[%emt 0:01:58]} exd4 {[%emt 0:02:18]} 12. Nxd4 {[%emt 0:00:03]} Qf6 {[%emt 0:01:21]} 13. Be3 {[%emt 0:00:30]} Ne5 {[%emt 0:00:11]} 14. Be2 {[%emt 0:00:12]} Be6 {[%emt 0:02:13]} 15. Nxe6 {[%emt 0:02:46]} fxe6 {[%emt 0:02:14]} 16. f4 {[%emt 0:00:24]} Nf7 {[%emt 0:01:15]} 17. Bxh5 {[%emt 0:00:08]} gxh5 {[%emt 0:00:02]} 18. Qxh5 {[%emt 0:00:01]} Rad8 {[%emt 0:03:44]} 19. Rbd1 {[%emt 0:00:10]} b6 {[%emt 0:00:21]} 20. Rd3 {[%emt 0:00:57]} d5 {[%emt 0:00:30]} 21. Bd4 {[%emt 0:01:40]} Qg6 {[%emt 0:00:11]} 22. Qxg6 {[%emt 0:00:04]} hxg6 {[%emt 0:00:02]} 23. Bxg7 {[%emt 0:00:01]} Kxg7 {[%emt 0:00:02]} 24. exd5 {[%emt 0:00:11]} exd5 {[%emt 0:00:22]} 25. cxd5 {[%emt 0:00:02]} Rd7 {[%emt 0:01:10]} 26. b4 {[%emt 0:00:51]} Rfd8 {[%emt 0:00:14]} 27. Red1 {[%emt 0:00:02]} Nh6 {[%emt 0:00:14]} 28. h3 {[%emt 0:04:24]} Ng8 {[%emt 0:00:20]} 29. Kf2 {[%emt 0:00:50]} Ne7 {[%emt 0:00:26]} 30. d6 {[%emt 0:00:13]} Nc8 {[%emt 0:00:51]} 31. Ne4 {[%emt 0:00:13]} Re8 {[%emt 0:00:31]} 32. Ng5 {[%emt 0:00:24]} Kf6 {[%emt 0:00:18]} 33. Nf3 {[%emt 0:00:38]} Red8 {[%emt 0:00:34]} 34. Ne5 {[%emt 0:00:25]} Rxd6 {[%emt 0:00:08]} 35. Rxd6+ {[%emt 0:00:02]} Nxd6 {[%emt 0:00:07]} 36. Kf3 {[%emt 0:00:01]} c5 {[%emt 0:00:37]} 37. bxc5 {[%emt 0:00:01]} bxc5 {[%emt 0:00:02]} 38. Rd5 {[%emt 0:00:31]} c4 {[%emt 0:00:16]} 39. Rc5 {[%emt 0:00:13]} Rb8 {[%emt 0:00:18]} 40. Nxc4 {[%emt 0:00:35]} Nf5 {[%emt 0:00:24]} 41. g4 {[%emt 0:00:22]} Ne7 {[%emt 0:00:12]} 42. Ra5 {[%emt 0:00:27]} Rc8 {[%emt 0:00:16]} 43. Ra6+ {[%emt 0:00:18]} Kg7 {[%emt 0:00:40]} 44. Rxa7 {[%emt 0:00:03]} 1-0

[Event "16th Deltalift Open 2019"]
[Site "Halmstad"]
[Date "2019.05.30"]
[Round "3.22"]
[White "Bensryd, Hampus"]
[Black "Nyander, Joakim"]
[Result "0-1"]
[WhiteElo "1964"]
[BlackElo "2235"]
[Annotator "ChessBase"]
[PlyCount "124"]
[EventDate "2019.05.30"]
[EventType "swiss"]
[EventCountry "SWE"]
[SourceTitle "playchess.com"]
[Source "ChessBase"]
[SourceQuality "1"]
[TimeControl "1800+12"]

1. b3 {[%emt 0:00:00]} c5 {[%emt 0:00:10]} 2. Bb2 {[%emt 0:00:00]} b6 {[%emt 0:00:08]} 3. e3 {[%emt 0:00:13]} Nf6 {[%emt 0:00:20]} 4. f4 {[%emt 0:00:20]} e6 {[%emt 0:00:17]} 5. Nf3 {[%emt 0:00:04]} Be7 {[%emt 0:00:20]} 6. Be2 {[%emt 0:00:19]} d6 {[%emt 0:00:15]} 7. O-O {[%emt 0:00:20]} Bb7 {[%emt 0:00:22]} 8. Bb5+ {[%emt 0:01:22]} Nbd7 {[%emt 0:00:18]} 9. d3 {[%emt 0:00:12]} O-O {[%emt 0:02:03]} 10. Bxd7 {[%emt 0:00:05]} Qxd7 {[%emt 0:00:52]} 11. Nbd2 {[%emt 0:00:42]} b5 {[%emt 0:01:40]} 12. Qe2 {[%emt 0:01:07]} a5 {[%emt 0:00:35]} 13. e4 {[%emt 0:00:51]} a4 {[%emt 0:00:35]} 14. Bxf6 {[%emt 0:00:50]} Bxf6 {[%emt 0:00:11]} 15. e5 {[%emt 0:00:03]} Be7 {[%emt 0:01:05]} 16. exd6 {[%emt 0:00:23]} Qxd6 {[%emt 0:01:22]} 17. g3 {[%emt 0:01:36]} Bf6 {[%emt 0:01:19]} 18. Rab1 {[%emt 0:00:48]} axb3 {[%emt 0:02:23]} 19. axb3 {[%emt 0:00:04]} Ra2 {[%emt 0:01:28]} 20. Ne4 {[%emt 0:00:17]} Bd4+ {[%emt 0:00:53]} 21. Nxd4 {[%emt 0:00:25]} Qxd4+ {[%emt 0:00:03]} 22. Qf2 {[%emt 0:00:32]} Bxe4 {[%emt 0:03:19]} 23. Qxd4 {[%emt 0:00:54]} cxd4 {[%emt 0:00:05]} 24. dxe4 {[%emt 0:00:02]} f6 {[%emt 0:04:48]} 25. Rbd1 {[%emt 0:01:13]} Rc8 {[%emt 0:01:41]} 26. Rf2 {[%emt 0:00:33]} e5 {[%emt 0:00:11]} 27. Rdd2 {[%emt 0:00:16]} h5 {[%emt 0:00:36]} 28. Kg2 {[%emt 0:00:40]} Rc5 {[%emt 0:00:13]} 29. f5 {[%emt 0:01:24]} Kh7 {[%emt 0:00:35]} 30. Kh3 {[%emt 0:00:17]} Rc3 {[%emt 0:00:16]} 31. Kh4 {[%emt 0:00:23]} Kh6 {[%emt 0:00:50]} 32. Rfe2 {[%emt 0:00:50]} Rf3 {[%emt 0:00:40]} 33. Kh3 {[%emt 0:00:37]} Kg5 {[%emt 0:00:19]} 34. Kg2 {[%emt 0:00:05]} Rc3 {[%emt 0:00:01]} 35. Rf2 {[%emt 0:04:28]} Re3 {[%emt 0:00:06]} 36. h4+ {[%emt 0:00:05]} Kg4 {[%emt 0:01:34]} 37. Kh2 {[%emt 0:02:05]} Ra1 {[%emt 0:00:26]} 38. Rde2 {[%emt 0:01:10]} Re1 {[%emt 0:00:26]} 39. Rd2 {[%emt 0:00:59]} b4 {[%emt 0:00:20]} 40. Rxd4 {[%emt 0:00:17]} Rxg3 {[%emt 0:01:34]} 41. Rd3 {[%emt 0:02:00]} Rgg1 {[%emt 0:00:43]} 42. Rg2+ {[%emt 0:00:46]} Rxg2+ {[%emt 0:00:03]} 43. Kxg2 {[%emt 0:00:02]} Rxe4 {[%emt 0:00:03]} 44. Rg3+ {[%emt 0:00:48]} Kxf5 {[%emt 0:00:02]} 45. Rxg7 {[%emt 0:00:01]} Rxh4 {[%emt 0:00:16]} 46. Rb7 {[%emt 0:00:18]} Rd4 {[%emt 0:00:11]} 47. Kf3 {[%emt 0:00:08]} h4 {[%emt 0:00:06]} 48. Ke3 {[%emt 0:00:23]} Kg4 {[%emt 0:00:13]} 49. Rg7+ {[%emt 0:00:02]} Kh3 {[%emt 0:00:06]} 50. Rg6 {[%emt 0:00:08]} Rf4 {[%emt 0:00:03]} 51. Ke2 {[%emt 0:00:14]} Kh2 {[%emt 0:00:44]} 52. Ke3 {[%emt 0:00:05]} Rf5 {[%emt 0:00:45]} 53. Rh6 {[%emt 0:00:16]} Kh3 {[%emt 0:00:59]} 54. Rg6 {[%emt 0:00:06]} Rf4 {[%emt 0:00:05]} 55. Ke2 {[%emt 0:00:04]} f5 {[%emt 0:00:03]} 56. Rg5 {[%emt 0:00:03]} e4 {[%emt 0:00:05]} 57. Ke3 {[%emt 0:00:03]} Rf3+ {[%emt 0:00:03]} 58. Ke2 {[%emt 0:00:01]} Rf4 {[%emt 0:00:21]} 59. Ke3 {[%emt 0:00:02]} Rf1 {[%emt 0:00:05]} 60. Ke2 {[%emt 0:00:05]} Rf3 {[%emt 0:00:03]} 61. Rg1 {[%emt 0:00:25]} Rg3 {[%emt 0:00:02]} 62. Rf1 {[%emt 0:00:02]} Kg4 {[%emt 0:00:02]} 0-1